|
|
|
|
| LEADER |
01702nab#a2200349#ar4500 |
| 001 |
000124660 |
| 003 |
SVKKK |
| 005 |
20181206090714.0 |
| 008 |
181206c1910 xo |||||||||||||||b|hun |
| FMT |
|
|
|
| 015 |
|
|
|a SNBRB2013/
|
| 038 |
|
|
|a SVKKK
|
| 040 |
|
|
|a SVKKK
|b slo
|e AACR2
|
| 041 |
0 |
|
|a hun
|
| 044 |
|
|
|a xo
|c SK
|
| 080 |
|
|
|a 272/274
|2 2011
|
| 242 |
1 |
0 |
|a Gemerská reformovaná cirkev
|y slo
|
| 245 |
1 |
2 |
|a A gömöri református egyházmegye
|
| 520 |
2 |
|
|a Správa o prípravách pravidelného výročného zasadnutia cirkevných a svetských predstaviteľov reformovanej cirkvi gemerského seniorátu, ktoré má prebehnúť dňa 12. apríla 1910 v Plešivci. Vedenia sa ujme senior Pavol (Pál) Csabay, farár v Tornali a prítomný bude presbyter, správca Ladislav (László) Bornemisza, hlavný župan Gemersko-malohontskej župy. Výročnému zasadnutiu predchádzalo stretnutie zainteresovaných v Rimavksej Sobote, na ktorom sa skontrolovalo hospodárenie preverením účtovných kníh.
|
| 600 |
1 |
4 |
|a Csabay, Pál (Pavol)
|x farár reformovaný
|z Tornaľa (Slovensko)
|x senior
|z Gemersko-malohontský seniorát (Slovensko)
|y 1910
|
| 648 |
0 |
4 |
|a 1910
|
| 650 |
0 |
4 |
|a cirkev reformovaná
|x zhromaždenie
|y 1910
|z Gemersko-malohontská župa (Slovensko)
|
| 650 |
0 |
4 |
|a Gemersko-malohontský seniorát
|x výročné hodnotenie
|z Plešivec (Slovensko)
|y 1910
|
| 655 |
# |
4 |
|a hungariká
|
| 773 |
0 |
|
|t Gömöri Ujság : Szépirodalmi, társadalmi és közgazdasági hetilap
|g Roč. I, č. 2 (10. 4. 1910), s. 6.
|
| 958 |
|
|
|a HU
|
| 974 |
|
|
|a ebl
|
| 992 |
|
|
|a RBX
|
| 997 |
|
|
|b Pelsőc p. Plešivec
|b Tornalya p. Tornaľa
|b Rimaszombat p. Rimavská Sobota
|
| BAS |
|
|
|
| 852 |
|
|
|a SVKKK
|b BIB
|
| 998 |
|
|
|a RETRO
|